00453nam a22001577a 450000500170000001000150001702000260003203500140005803700090007208200150008124500290009625000110012526000460013627000910018230000220027320250717155112.0 aENG-144961 a9788189941260c100.00 aEN-128493 bDBAD a660.62 MAN aMicrobial Biotechnology/ aFirst  aKanyakumari DistbSARAS PUBLICATIONc2007 a114/35G A.R.P. Camp Road, Periavilai, Kottar P.O., NAGERCOILbKanyakumari Diste629002 aviii,270Pc22(pb)